000 00465nam a2200169Ia 4500
005 20250508152753.0
008 008 250505s9999 xx 000 0 eng d
037 _aBooks to be hide in OPAC
040 _aFEDL
_beng
_cFEDL
041 _aeng
_2eng
084 _a750, GRE/O
_qFEDL
100 _aGrenier Jean
_9762331
245 0 _aRevolution of color
260 _aLondon, UK
_bA. Zwemmer Ltd.
942 _cHB
_h750, GRE/O
999 _c1338640
_d1338640